000 006540000a22001810004500
003 MACL
005 20160602170414.0
008 160602b xxu||||| |||| 00| 0 eng d
040 _aMACL
_cMACL
041 _aHindi
082 _a920
100 _aभगवान श्रीरामकृष्‍णदेव की लीला सहधर्मिणी श्री मॉ सारदादेवी से वार्तालाप
_961876
245 _aमॉ की बातें
260 _bरामकृष्‍ण मठ
_c2005
_aनागपुर
350 _a70
650 _aBiography
_961877
942 _cHIN
_k920/RAM
_2ddc
999 _c18850
_d18850